000 00424nam a2200157Ia 4500
008 241228s9999 xx 000 0 und d
020 _a9781003400660 | 9781032502243
082 _a006.3 THA/A
100 _aThakur, Lalit
245 0 _aArtificial intelligence and machine learning in the thermal spray industry
260 _aBoca raton,
260 _bCRC Press,
260 _c2024
300 _aix, 127p.
942 _cBK
999 _c40123
_d40123